| 000 | 00439nam a22001457a 4500 | ||
|---|---|---|---|
| 008 | 230515b |||||||| |||| 00| 0 eng d | ||
| 040 |
_aNational Science Library _cNational Science Library |
||
| 080 |
_a551.46+551.51/55]:528.71(082.2) _bM0 |
||
| 245 | _aRemote sensing of atmospheres and oceans | ||
| 260 |
_aLondon: _bAcademic Press, _c1980 |
||
| 300 | _axiv, 641p. | ||
| 650 | _aAtmospheres | ||
| 653 | _aOceans | ||
| 942 |
_2udc _cBK |
||
| 999 |
_c29979 _d29979 |
||